01010nam a2200229 a 4500001001000000003000900010005001700019008004100036040002500077082001300102111012700115245013000242260003400372300002000406500010900426590002700535700003100562710004500593942001400638952011100652999001700763000047746DO-SdBNP20251120123659.0180730s2004 dr 000 0 spa d aDO-SdBNPbspacBNPHU 4axxxbxxx2 aEncuentro interinstitucional sobre el sistema nacional de información estadístican(1:d2004 : cSanto Domingo)97534810aPrimer encuentro interinstitucional sobre el sistema nacional de información estadística /cpresentación, Pablo Tactuk. aSanto Domingo, :bONE,c2004. a97 p. ;c29 cm. aCon los auspicios del programa de apoyo a la reforma y modernización del Poder Ejecutivo (Pro-Reforma) aInventariado, 2018/ YL aTactuk, Pabloepres.95774 aOficina Nacional de Estadística975349 2ddccLBS1 0010718PDaPDbPDcCTd2018-07-30iLF1l0oxxx xxxp47746-10r2020-06-25w2020-06-25yLFPDZNo se presta c47234d47234